000
00291nam a2200121Ia 4500
008
190216s9999||||xx |||||||||||||| ||und||
100
_a
Vallathol
245
0
_a
Abinjana Shakunthalam
260
_b
"Vallathol Grandhalayam, Cheruthuruthi"
300
_a
130
650
_a
Nadakam
942
_c
BK
999
_c
27270
_d
27270